[Event "WYg16"]
[Site "Halkidiki GRE"]
[Date "2003.10.24"]
[Round "2"]
[White "Vinuthna,N"]
[Black "Pourkashiyan,A"]
[Result "0-1"]
[WhiteElo "2100"]
[BlackElo "2232"]

1.Nf3 d5 2.g3 Nf6 3.Bg2 c6 4.O-O Bg4 5.d4 e6 6.Nbd2 Be7 7.Re1 Nbd7 8.e4 dxe4
9.Nxe4 Nxe4 10.Rxe4 Nf6 11.Re1 O-O 12.c3 Qb6 13.h3 Bxf3 14.Bxf3 Rfd8 15.Qb3 Rd7
16.Kg2 Rad8 17.Bf4 Nd5 18.Bd2 c5 19.dxc5 Bxc5 20.Qxb6 Nxb6 21.Bf4 Na4 22.Re2 Bb6
23.Rc2 Nc5 24.Be3 e5 25.Bg4 Rd6 26.b4 Ne6 27.Bxb6 Rxb6 28.Bxe6 Rxe6 29.Re1 f6
30.c4 Rb6 31.Kf3 Kf7 32.Re3 Rd4 33.Re4 Rxe4 34.Kxe4 Ke6 35.Ke3 f5 36.a3 g5
37.Rc3 e4 38.g4 Ke5 39.gxf5 Rh6 40.Ke2 Kxf5 41.c5 Ke5 42.Rg3 Rg6 43.Ke3 h5
44.Rg1 Kf5 45.Rd1 Ra6 46.Rd5+ Ke6 47.Kxe4 Rxa3 48.f3 Rb3 49.Rd6+ Ke7 50.Rd4 h4
51.Rc4 Kd7 52.Kf5 Rxf3+ 53.Kxg5 Rxh3 54.Kg4 Rh1 55.Kf3 h3 56.b5 Rb1 57.c6+ Kc7
58.Kg3 Rxb5 59.cxb7+ Kxb7 60.Kxh3 Rg5 61.Kh4 Rg1 62.Rf4 a5 63.Rf6 Rg8 64.Re6 a4
65.Re4 Ra8 66.Kg4 a3 67.Re1 Kb6 68.Kf3 Rf8+ 69.Kg2 Kb5 70.Re5+ Kb4 71.Re4+ Kb3
72.Re3+ Kb2 73.Re2+ Kb1 74.Re1+ Kc2 75.Re2+ Kd1 76.Re7 Ra8 77.Rb7 Ke2 78.Rd7  0-1

[Event "300 Years"]
[Site "St Petersburg RUS"]
[Date "2003.10.24"]
[Round "7"]
[White "Andreeva,N"]
[Black "Kulakov,V"]
[Result "0-1"]
[WhiteElo "2285"]
[BlackElo "2146"]

1.Nf3 d5 2.g3 Nf6 3.Bg2 c6 4.O-O Bf5 5.d3 Nbd7 6.c4 e6 7.Nc3 Be7 8.Be3 O-O
9.Qb3 Qc7 10.cxd5 Nxd5 11.Nxd5 exd5 12.Rfc1 Be6 13.Nd4 Nf6 14.f4 Ng4 15.Nxe6 fxe6
16.Bd4 Rxf4 17.e4 Rff8 18.exd5 Qd7 19.Qc3 exd5 20.Bxg7 Bg5 21.Bd4 Bxc1 22.Rxc1 Rae8
23.h3 Ne3 24.Qd2 Nf5 25.Qg5+ Ng7 26.Rc2 Rf5 27.Qd2 Qd6 28.g4 Rf7 29.Bf2 Ne6
30.Qe3 Qf4 31.Qe1 Rfe7 32.Re2 Qf6 33.Bxa7 Nf4 34.Rxe7 Rxe7 35.Qf1 Ne2+  0-1

[Event "300 Years"]
[Site "St Petersburg RUS"]
[Date "2003.10.25"]
[Round "8"]
[White "Matjushin,G"]
[Black "Yevseev,D"]
[Result "1/2-1/2"]
[WhiteElo "2416"]
[BlackElo "2592"]

1.g3 d5 2.Nf3 Nf6 3.Bg2 c6 4.b3 Bf5 5.Bb2 e6 6.O-O Be7 7.c4 O-O 8.d3 h6 9.Nbd2 a5
10.a3 Nbd7 11.Ne5 Nxe5 12.Bxe5 Bh7 13.Qc2 Nd7 14.Bc3 Bf6 15.Rfc1 Qe7 16.Bxf6 Nxf6
17.Qc3 Rfd8 18.Nf3 Ne8 19.d4 Nd6 20.Nd2 a4 21.e3 axb3 22.Qxb3 b5 23.cxd5 cxd5
24.Rc5 Nc4 25.Nf1 Nd6 26.Nd2 Bf5 27.Bf1 Nc4 28.Ra2 Rdc8 29.Rxb5 Nxd2 30.Rxd2 Rxa3
31.Qb2 Rac3 32.Rb8 Qc7 33.Rxc8+ Qxc8 34.Rd1 Rc2 35.Qb4 Be4 36.Bg2 Bf5 37.Bf1 Qd8
38.Bd3 Bxd3 39.Rxd3 Rc1+ 40.Kg2 Qf6 41.Qb2 Qf5  1/2-1/2

[Event "LXVIII ch-ESP Abierto"]
[Site "Burgos ESP"]
[Date "2003.10.27"]
[Round "4"]
[White "Cruz Ravina,F"]
[Black "Iruzubieta,J"]
[Result "1/2-1/2"]
[WhiteElo "2256"]
[BlackElo "2422"]

1.Nf3 d5 2.g3 c6 3.Bg2 Bg4 4.d3 e6 5.Nbd2 Bd6 6.e4 Ne7 7.h3 Bh5 8.O-O Nd7
9.Qe1 O-O 10.Nh4 Ng6 11.Nxg6 Bxg6 12.f4 Re8 13.Nf3 dxe4 14.dxe4 f6 15.Nh4 Bf7
16.Be3 Qc7 17.Rd1 Rad8 18.Kh1 Be7 19.Qf2 Qa5 20.a3 Nb6 21.Bxb6 axb6 22.Qe2 b5
23.e5 Rxd1 24.Rxd1 Rd8 25.Nf3 Rxd1+ 26.Qxd1 Qd8 27.Qxd8+ Bxd8 28.Bf1 Bb6
29.c4 bxc4 30.Bxc4 Be3 31.a4 Kf8 32.Kg2 Ke7 33.exf6+ gxf6 34.Ne1 Bg6 35.Kf3 Bd4
36.b3 Kd6 37.Nd3 Be8 38.b4 b5 39.Bb3 bxa4 40.Bxa4 e5 41.fxe5+ fxe5 42.Bb3 Bc3
43.g4 Bg6 44.Ke3 h6 45.h4 Bh7 46.g5 hxg5 47.hxg5 Bg6 48.Bc4 Be8 49.Ke4 Bg6+
50.Ke3 Bf5 51.Bb3 e4 52.Nf2 Ke5 53.Ba4 Bd4+ 54.Ke2 Kd5 55.Bb3+ Kd6 56.Bc4 Bb6
57.Bb3 Ke5 58.Ba4 Kd5 59.Bb3+ Kd4 60.Bc2 Bg6 61.Ba4  1/2-1/2

[Event "CCAS Open"]
[Site "Cap d'Agde FRA"]
[Date "2003.10.27"]
[Round "6"]
[White "Weill,R"]
[Black "Brochet,P"]
[Result "1/2-1/2"]
[WhiteElo "2224"]
[BlackElo "2386"]

1.Nf3 d5 2.g3 Nc6 3.Bg2 e5 4.O-O e4 5.Ne1 Nf6 6.d3 Bf5 7.Nc3 exd3 8.cxd3 Qd7
9.Bg5 d4 10.Bxf6 gxf6 11.Ne4 O-O-O 12.Rc1 Bh3 13.Nxf6 Qe6 14.Bxh3 Qxh3 15.Rxc6 bxc6
16.Qa4 Qe6 17.Ne4 f5 18.Ng5 Qd5 19.Nef3 Kb7 20.Rc1 Bh6 21.b4 Bxg5 22.Nxg5 Rhe8
23.Rc5 Qd7 24.Nf7 Qxf7 25.Qxc6+ Kb8 26.Qb5+ Ka8 27.Qc6+ Kb8  1/2-1/2

[Event "Classics II IM"]
[Site "Gausdal NOR"]
[Date "2003.10.29"]
[Round "11"]
[White "Siebrecht,S"]
[Black "Simonsen,H"]
[Result "1-0"]
[WhiteElo "2435"]
[BlackElo "2240"]

1.Nf3 d5 2.g3 g6 3.Bg2 Bg7 4.O-O c5 5.d3 Nc6 6.Nbd2 e5 7.e4 d4 8.a3 Nge7
9.Ne1 h5 10.b4 cxb4 11.axb4 Nxb4 12.Ba3 Nec6 13.f4 h4 14.Ndf3 hxg3 15.hxg3 exf4
16.gxf4 Bh6 17.Qd2 Qc7 18.Nh2 a5 19.c3 dxc3 20.Qxc3 O-O 21.f5 Be3+ 22.Kh1 Bd4
23.Qc1 Bxa1 24.Qxa1 f6 25.Ng4 Kg7 26.Bb2 gxf5 27.Nxf6 Kg6 28.Kg1 Qb6+ 29.Rf2 Be6
30.Nd5 Bxd5 31.exd5 Rae8 32.dxc6 Re2 33.d4 Rxf2 34.Kxf2 Re8 35.Bc3 bxc6 36.Nf3 Nd5  1-0

[Event "Masters"]
[Site "Rosny sous Bois FRA"]
[Date "2003.10.29"]
[Round "5"]
[White "Velikov,P"]
[Black "Crut,A"]
[Result "1-0"]
[WhiteElo "2443"]
[BlackElo "2357"]

1.Nf3 d5 2.g3 Bg4 3.Bg2 Nd7 4.c4 e6 5.cxd5 exd5 6.Nc3 c6 7.h3 Bxf3 8.Bxf3 Ngf6
9.O-O Bd6 10.d3 O-O 11.Bg2 Re8 12.e4 dxe4 13.dxe4 Nc5 14.Qc2 Be5 15.Be3 Qd3
16.Rac1 Bxc3 17.Bxc5 Qxc2 18.Rxc2 Ba5 19.f3 Bc7 20.Bf2 g5 21.Rd1 Rad8 22.Rcd2 a6
23.Bf1 h6 24.Kg2 Rxd2 25.Rxd2 Rd8 26.Rxd8+ Bxd8 27.Bd4 Be7 28.Bd3 Nh5 29.b3 Bb4
30.Kf2 Kf8 31.e5 Ke7 32.Bf5 a5 33.Bc8 b5 34.Ba7 Ng7 35.f4 Ne6 36.Be3 Bc5
37.Bxe6 Bxe3+ 38.Kxe3 Kxe6 39.Ke4 Ke7 40.f5 f6 41.e6 Kd6 42.Kd4 c5+ 43.Ke4 Kc6
44.a3  1-0

[Event "LXVIII ch-ESP Abierto"]
[Site "Burgos ESP"]
[Date "2003.10.31"]
[Round "8"]
[White "Garza Marco,S"]
[Black "Garcia Vicente,N"]
[Result "1-0"]
[WhiteElo "2418"]
[BlackElo "2244"]

1.Nf3 d5 2.g3 Bg4 3.Bg2 Nd7 4.c4 e6 5.O-O Ngf6 6.b3 Bd6 7.Bb2 O-O 8.d3 Qe7
9.a3 a5 10.Nbd2 c6 11.h3 Bxf3 12.Nxf3 Rfc8 13.cxd5 cxd5 14.Nd4 Rc5 15.Rc1 Rxc1
16.Qxc1 Nc5 17.Qc2 Qd7 18.Nf3 Rc8 19.Rc1 Rc7 20.Bc3 a4 21.Nd2 axb3 22.Qb1 Ne8
23.Ba5 Rc8 24.Bb4 b2 25.Qxb2 Na4 26.Qb1 Rxc1+ 27.Qxc1 Bxb4 28.axb4 Qc7 29.Qa3 b5
30.Nf3 Nd6 31.Nd4 h6 32.Nxb5 Nxb5 33.Qxa4 Qb7 34.e3 Kh7 35.d4 Nd6 36.Qc2+ g6
37.Qc5 Nc4 38.Qxc4  1-0

[Event "3rd Rohde Open"]
[Site "Sautron FRA"]
[Date "2003.10.31"]
[Round "7"]
[White "Kengis,E"]
[Black "Geller,J"]
[Result "1/2-1/2"]
[WhiteElo "2572"]
[BlackElo "2486"]

1.Nf3 d5 2.g3 Nf6 3.Bg2 Bf5 4.O-O e6 5.d3 Be7 6.c4 c6 7.Be3 dxc4 8.dxc4 Qxd1
9.Rxd1 Nbd7 10.Nc3 e5 11.h3 h6 12.Rac1 Be6 13.Na4 Nb6 14.Nxb6 axb6 15.Nxe5 Rxa2
16.Ra1 Rxa1 17.Rxa1 Nd7 18.Ra8+ Bd8 19.Nxd7 Kxd7 20.Rb8 Bxc4 21.Rxb7+ Kd6
22.Bxb6 Bxb6 23.Rxb6 Rc8 24.e4 Rc7 25.Bf1 Kc5 26.Rb8 Bxf1 27.Kxf1 Kd4 28.f3 Kd3
29.Kf2 c5 30.Rb3+ Kc2 31.Rb6 Kd3 32.g4 c4 33.h4 f6 34.h5 Ra7 35.Kg3 Ke3 36.Rb4 Rc7
37.Rb5 Ra7 38.Rb4 Rc7 39.Rb5 Ra7 40.e5 Ra1 41.Kg2 fxe5 42.Rxe5+ Kd4 43.Rb5 Rb1
44.Rb4 Kc5 45.Rb8 Re1 46.Kg3 Re6 47.Rb7 Re2 48.g5 hxg5 49.Rxg7 Rxb2 50.h6 Rb1
51.Rxg5+ Kd6 52.Rh5 Rb8 53.h7 Rh8 54.Kf4 c3 55.Ke3 Ke6 56.Kd3 Kf6 57.Kxc3 Kg7
58.Kd4 Rd8+ 59.Ke4 Kh8 60.f4 Rd6 61.Rh1 Ra6 62.f5 Ra4+ 63.Ke5 Ra5+ 64.Kf4 Ra6
65.Kg5 Rb6 66.Rh2 Ra6 67.Re2 Kxh7 68.Re6 Ra1 69.Kf6 Kg8 70.Re8+ Kh7 71.Kf7 Ra5
72.f6 Ra7+ 73.Re7 Ra8 74.Rd7 Kh6 75.Ke7 Kg6 76.f7 Kg7 77.Rb7 Rc8 78.Rd7 Ra8  1/2-1/2

[Event "LXVIII ch-ESP Abierto"]
[Site "Burgos ESP"]
[Date "2003.11.01"]
[Round "9"]
[White "Vassallo,M"]
[Black "Anton Veiga,J"]
[Result "1-0"]
[WhiteElo "2384"]
[BlackElo "2171"]

1.Nf3 d5 2.g3 Nf6 3.Bg2 c6 4.O-O Bf5 5.d3 Nbd7 6.Nbd2 e6 7.Qe1 Qb6 8.e4 dxe4
9.dxe4 Bg6 10.a4 h6 11.Nc4 Qb4 12.Nfd2 Qc5 13.b3 a6 14.Ba3 Qa7 15.Nd6+ Bxd6
16.Bxd6 O-O-O 17.Nc4 b5 18.Na5 Qb6 19.e5 Nd5 20.c4  1-0

[Event "Bundesliga 2003-4"]
[Site "Hamburg GER"]
[Date "2003.11.01"]
[Round "1"]
[White "Markowski,T"]
[Black "Ftacnik,L"]
[Result "1/2-1/2"]
[WhiteElo "2610"]
[BlackElo "2585"]

1.g3 d5 2.Nf3 g6 3.c4 c6 4.Qa4 e6 5.Bg2 Bg7 6.O-O Nf6 7.d4 O-O 8.Nc3 Nbd7
9.Qb3 b6 10.Bf4 Qe7 11.Rfd1 Ba6 12.cxd5 exd5 13.Rac1 Rfe8 14.Ne5 Nxe5 15.Bxe5 Bh6
16.e3 Nd7 17.Qa4 Nxe5 18.Qxa6 Ng4 19.Qe2 Nxf2 20.Kxf2 Bxe3+ 21.Kf1 Qg5 22.Rc2 Bxd4
23.Qd3 Bc5 24.Re2 Rxe2 25.Qxe2 Rd8 26.Bf3 Rd6 27.Qd2 Qf5 28.Kg2 Re6 29.Re1 Rxe1
30.Qxe1 Kf8 31.Qd2 h5 32.a3 Qe5 33.b4 Be3 34.Qd3 b5 35.Ne2 Ke7 36.Qc2 Kd6
37.a4 a6 38.axb5 axb5 39.Qa2 Bb6 40.Qa8 Qe3 41.Qf8+ Qe7 42.Qb8+ Bc7 43.Qa7 Kd7
44.Qd4  1/2-1/2

[Event "Masters"]
[Site "Rosny sous Bois FRA"]
[Date "2003.11.01"]
[Round "8"]
[White "Cossin,S"]
[Black "Velikov,P"]
[Result "1/2-1/2"]
[WhiteElo "2352"]
[BlackElo "2443"]

1.Nf3 d5 2.g3 Nf6 3.Bg2 Bf5 4.d3 e6 5.O-O Be7 6.Nh4 Bg4 7.Qe1 Nfd7 8.Nf3 O-O
9.e4 c6 10.Nc3 a5 11.h3 Bh5 12.Ne2 dxe4 13.dxe4 e5 14.g4 Bg6 15.Ng3 Na6 16.Nf5 Re8
17.Be3 Nac5 18.Rd1 Qc7 19.Nd2 b5 20.f4 Bxf5 21.exf5 e4 22.Qf2 Na4 23.Nxe4 Nxb2
24.Rxd7 Qxd7 25.f6 Nd1 26.Qd2 Qxd2 27.Bxd2 Nb2 28.fxe7 Rxe7 29.f5 Nc4 30.Bf4 Rae8
31.Nd6 Nxd6 32.Bxd6 Re2 33.Rf2 Rxf2 34.Kxf2 Rd8 35.Bf4 Rd4 36.Ke3 Ra4 37.Bxc6 Rxa2
38.Kd2 b4 39.Bd5 Ra3 40.Be3 Ra1 41.h4 g6 42.h5 gxf5 43.g5 Kf8 44.Bc5+ Ke8
45.Bc6+ Kd8 46.Bb6+ Ke7 47.Bb5 Ra3 48.Bc5+ Ke6 49.Bc4+ Ke5 50.Bxf7 Rg3 51.Be7 f4
52.h6 Rg2+ 53.Kd3 Rg3+ 54.Ke2 Kf5 55.g6 hxg6 56.h7 Rh3 57.Bg8 g5 58.Bd8 Rh2+
59.Kf1 g4 60.Bc4 g3 61.Bd3+ Ke6 62.Bc7 a4 63.Bxf4 a3 64.Bxg3 a2 65.Bc4+ Kd7
66.Bxa2 Rxh7 67.Be1 Kc6 68.Bxb4 Kb5 69.Be1 Kc6 70.Bb4 Kb5 71.Be1 Rh2 72.Bb3 Kc5
73.Bg3 Rh3 74.Kg2 Rh6 75.c3 Rf6 76.Be5 Rf5 77.Bd4+ Kb5 78.Be6 Rf4 79.Kg3 Rf1
80.Kg4 Rf8 81.Bf5 Kc4 82.Kf4 Kd5 83.Bg7 Rf7 84.Bh8 Rf8 85.Bd4 Rf7 86.Kg5 Rf8
87.Bg7 Rg8 88.Kf6 Rxg7 89.Be6+ Kd6 90.Kxg7  1/2-1/2

[Event "Autumn"]
[Site "Venice ITA"]
[Date "2003.11.01"]
[Round "3"]
[White "Zotti,E"]
[Black "Pfeifer,A"]
[Result "1-0"]
[WhiteElo "2043"]
[BlackElo "2122"]

1.Nf3 d5 2.g3 Nc6 3.d4 Bg4 4.Nbd2 Qd7 5.h3 Bf5 6.c3 f6 7.Bg2 e5 8.e4 dxe4
9.Nh4 e3 10.fxe3 Be6 11.O-O O-O-O 12.b4 exd4 13.exd4 Bxh3 14.Ne4 Bxg2 15.Kxg2 Nge7
16.Kh2 Ng6 17.Nf5 h5 18.a4 Nce7 19.Nc5 Qd5 20.Ne3 Qg8 21.Qf3 c6 22.b5 h4
23.g4 h3 24.bxc6 Nxc6 25.Qf5+ Kb8 26.Qxg6 Bd6+ 27.Kh1 Bxc5 28.dxc5 Ne5 29.Qe4 Nd3
30.c6 Nc5 31.Qf4+ Ka8 32.cxb7+ Nxb7 33.Ba3 Qe6 34.a5 Rd3 35.a6 Qxa6 36.Qe4 Rxc3
37.Bc5 Rxe3 38.Bxe3  1-0

[Event "ch-UKR"]
[Site "Simferopol UKR"]
[Date "2003.11.06"]
[Round "3"]
[White "Sergeev,Vl"]
[Black "Rudak,V"]
[Result "1/2-1/2"]
[WhiteElo "2447"]
[BlackElo "2316"]

1.Nf3 d5 2.g3 Nf6 3.Bg2 c6 4.O-O Bg4 5.b3 Nbd7 6.Bb2 e6 7.d3 Be7 8.c4 O-O
9.Nbd2 a5 10.a3 b5 11.Qc2 Qb8 12.Rfc1 Rc8 13.h3 Bh5 14.cxd5 cxd5 15.Qxc8+ Qxc8
16.Rxc8+ Rxc8 17.g4 Bg6 18.Rc1 Rxc1+ 19.Bxc1 Bc5 20.Bb2 Ne8 21.Nd4 Nc7 22.Kf1 f6
23.f4 Bf7 24.Nc6 a4 25.f5 Be3 26.fxe6 Bxe6 27.Ke1 Kf8 28.Bd4 Bf4 29.b4 Ke8
30.Nb1 Ne5 31.Na7 Bd7 32.e3 Bg3+ 33.Kd2 Nc6 34.Bb6 Nxa7 35.Bxa7 Bc6 36.Nc3 Kd7
37.Ne2 Be5 38.d4 Bd6 39.Nc3 Ke6 40.Bf1 f5 41.Bb6 fxg4 42.hxg4 Ne8 43.Nxb5 Nf6
44.Nxd6 Kxd6 45.Bc5+ Kc7 46.b5 Bd7 47.g5 Ne4+ 48.Kc2 Bf5 49.Bd3 h6 50.gxh6 gxh6
51.Be7 h5 52.Bh4 Kb7 53.Bxe4 Bxe4+ 54.Kc3 Bf5 55.Kb4 Bc2 56.e4 dxe4 57.d5 Bb3
58.d6 Kc8 59.b6 Be6 60.Kxa4 Kb7 61.Kb5 Bd7+ 62.Kc5 e3 63.Bf6 e2 64.Bh4 Be6
65.Bf2 Bd7 66.Kd5 e1=Q 67.Bxe1 Kxb6 68.Ke5 Kc6  1/2-1/2

[Event "ch-UKR"]
[Site "Simferopol UKR"]
[Date "2003.11.06"]
[Round "3"]
[White "Rudenko,E"]
[Black "Poluektov,Y2"]
[Result "1/2-1/2"]
[WhiteElo "2271"]
[BlackElo "2287"]

1.Nf3 d5 2.g3 Nf6 3.Bg2 Bf5 4.O-O e6 5.d3 Be7 6.Nbd2 O-O 7.Qe1 h6 8.e4 Bh7
9.e5 Nfd7 10.Qe2 c5 11.Re1 Nc6 12.Nf1 Rc8 13.c3 b5 14.h4 b4 15.c4 Nb6 16.Rd1 a5
17.Bf4 a4 18.Ne3 Nd4 19.Nxd4 cxd4 20.cxd5 dxe3 21.d6 exf2+ 22.Qxf2 Bxd6 23.exd6 Nd5
24.Bxd5 exd5 25.Qd4 Bf5 26.Rac1 Re8 27.Rc7 Rxc7 28.dxc7 Qe7 29.Qxd5 Bc8 30.d4 Qe2
31.Rd2 Qe1+ 32.Kh2 g5  1/2-1/2

[Event "TCh-CZE Extraliga 2003-4"]
[Site "Czech Rep CZE"]
[Date "2003.11.08"]
[Round "1"]
[White "Gross,Dav CZE"]
[Black "Zawadzki,S"]
[Result "1-0"]
[WhiteElo "2419"]
[BlackElo "2408"]

1.Nf3 d5 2.g3 c6 3.Bg2 Bg4 4.d3 Nd7 5.Nbd2 e6 6.c4 Bd6 7.b3 Ngf6 8.Bb2 Qe7
9.Qc2 h6 10.O-O O-O 11.e4 dxe4 12.dxe4 Bxf3 13.Nxf3 Bc7 14.e5 Nh7 15.h4 Rfd8
16.Rad1 Nhf8 17.Rfe1 Nb6 18.Nd2 Nfd7 19.f4 a5 20.Ne4 Nf8 21.Bd4 a4 22.Nd6 axb3
23.axb3 Rab8 24.Kh2 g6 25.b4 h5 26.Bc5 Nbd7 27.Nxb7 Nxc5 28.Nxd8 Bxd8 29.bxc5 Qxc5
30.Rd6 Qa3 31.Rb1 Bb6 32.c5  1-0

[Event "ch-UKR"]
[Site "Simferopol UKR"]
[Date "2003.11.08"]
[Round "5"]
[White "Tatarinov,M"]
[Black "Myshakov,F"]
[Result "1/2-1/2"]
[WhiteElo "2297"]
[BlackElo "2178"]

1.Nf3 d5 2.g3 Nf6 3.Bg2 e6 4.O-O Bd6 5.c4 c6 6.b3 O-O 7.Bb2 Nbd7 8.d3 b6
9.Nbd2 Bb7 10.Rc1 Rc8 11.Rc2 Qe7 12.Qa1 c5 13.Rfc1 d4 14.b4 Bc6 15.b5 Ba8
16.Re1 Qd8 17.e3 e5 18.exd4 exd4 19.Ba3 Qc7 20.Qd1 Rfe8 21.Nf1 Ne5 22.Nxe5 Bxe5
23.Bxa8 Rxa8 24.Qf3 Bd6 25.Rce2 Qd7 26.Bc1 Rxe2 27.Qxa8+ Qe8 28.Qxe8+ Rxe8
29.Rxe8+ Nxe8 30.Kg2 f5 31.Kf3 Kf7 32.Ke2 Nc7 33.Nd2 Ne6 34.Nf3 Kf6 35.Ne1 g5
36.Ng2 h6 37.h4 Kg6 38.hxg5 hxg5 39.Kf3 Nc7 40.Ne1 Ne8 41.Nc2 Nf6 42.a4 Nd7
43.Ba3 Bc7 44.Na1 Kf6 45.Nb3 Kg6 46.Nd2 Ne5+ 47.Ke2 Nd7 48.Bc1 Nf6 49.Nf3 Nh7
50.Kd1 Bd6 51.Ke1 Bc7 52.Ke2 Bd6 53.Ba3 Bc7 54.a5 Nf6 55.a6 Nh7 56.Bc1 Bd6
57.Kd1 Be7 58.Ke1 Bd6 59.Ke2 Bc7 60.Bb2 Nf6 61.Bxd4 cxd4 62.Nxd4 Nd7 63.Nc6 Bb8
64.d4 Kf6 65.c5 bxc5 66.dxc5 Bc7 67.b6 Nxb6 68.Nxa7 Na8 69.Nc6 Ke6 70.Nd4+ Ke5
71.Nf3+ Kd5 72.Nxg5 Kxc5 73.Kf3 Kb6 74.Nf7 Kxa6 75.Nh6 f4 76.gxf4 Nb6 77.f5 Nd7
78.Kg4 Kb7 79.Kg5 Be5 80.Ng4 Bd4 81.f4 Bc3 82.f6 Nxf6  1/2-1/2

[Event "TCh-AUT B Mitte 2003-4"]
[Site "St Veit AUT"]
[Date "2003.11.08"]
[Round "1"]
[White "Baumgartner,H"]
[Black "Genser,H"]
[Result "1/2-1/2"]
[WhiteElo "2347"]
[BlackElo "2263"]

1.Nf3 d5 2.g3 c5 3.Bg2 g6 4.O-O Bg7 5.d4 cxd4 6.Nxd4 Nc6 7.Nxc6 bxc6 8.c4 e6
9.cxd5 cxd5 10.e4 Ne7 11.exd5 Nxd5 12.Nc3 Bb7 13.Qa4+ Qd7 14.Qxd7+ Kxd7 15.Nxd5 Bxd5
16.Rd1 Kd6 17.Be3 Bxb2 18.Rab1 Rhb8 19.a4 Be5 20.Rxd5+ exd5 21.Rd1 Rd8 22.f4 Bc3
23.Rxd5+ Ke6 24.Rb5 Rac8 25.Bxa7 Bd4+ 26.Bxd4 Rxd4 27.Rb6+ Ke7 28.Bc6 Rd6
29.Rb7+ Kf6 30.Bf3 Rd2 31.Rb1 Rc3 32.Bd1 Re3 33.Bg4 h5 34.Bc8 Ra3 35.Rf1 Rxa4
36.Rf2 Rxf2 37.Kxf2 Ra2+ 38.Kg1 Ke7 39.h4 Kd6 40.Bb7 Kc5 41.Bf3 Kd4 42.Bb7 Ke3
43.Bd5 Ra1+ 44.Kg2 Ra7 45.Bc6 Rc7 46.Bd5 f6 47.Kg1 Kd4 48.Bf3 Rc5 49.Kg2 Ke3
50.Bb7 Rc2+ 51.Kg1 Kd4 52.Bf3 Rb2 53.Bc6 Rb6 54.Bf3 Ra6 55.Kg2 Ra7 56.Bc6 Kc5
57.Bf3 Ra2+ 58.Kg1 Ra4 59.Kg2 Kd6 60.Kf2 Ke6 61.Bc6 Rc4 62.Bf3 Kf5 63.Kf1 Ke6
64.Kf2 Rc2+ 65.Kf1 Kf7 66.Ke1 Kg7 67.Kf1 Kh6 68.Ke1 g5 69.hxg5+ fxg5 70.fxg5+ Kxg5
71.Kf1 Rb2 72.Ke1 h4 73.gxh4+ Kf4 74.Bh5 Ke3 75.Kd1 Rh2 76.Bg4  1/2-1/2

[Event "7th BayEM"]
[Site "Bad Wiessee GER"]
[Date "2003.11.09"]
[Round "2"]
[White "Mertens,K"]
[Black "Mainka,R"]
[Result "0-1"]
[WhiteElo "2163"]
[BlackElo "2459"]

1.Nf3 d5 2.g3 c6 3.Bg2 Bg4 4.O-O e6 5.d4 Nd7 6.b3 Ngf6 7.c4 Be7 8.Nc3 Bh5
9.Bb2 O-O 10.Re1 Bb4 11.a3 Ba5 12.b4 Bc7 13.c5 Re8 14.Bc1 e5 15.Bg5 h6 16.Bxf6 Qxf6
17.dxe5 Nxe5 18.Nd4 Rad8 19.Qb3 Nc4 20.Nf3 Bxf3 21.exf3 Be5 22.Rac1 Bxc3
23.Rxe8+ Rxe8 24.Qxc3 Qxc3 25.Rxc3 Re1+ 26.Bf1 Nd2 27.Rd3 Nxf1 28.Kg2 Rb1
29.f4 f5 30.h3 h5 31.Kf3  0-1

[Event "TCh-SWE 2003-4"]
[Site "Malmo SWE"]
[Date "2003.11.09"]
[Round "1"]
[White "Fries Nielsen,JO"]
[Black "Hellers,F"]
[Result "0-1"]
[WhiteElo "2436"]
[BlackElo "2605"]

1.Nf3 d5 2.g3 g6 3.Bg2 Bg7 4.O-O Nf6 5.c4 c6 6.Qc2 O-O 7.b3 d4 8.Ba3 Re8
9.d3 b6 10.Nbd2 Bb7 11.b4 a5 12.bxa5 Rxa5 13.Bb2 c5 14.e3 e5 15.exd4 exd4
16.a3 Ra7 17.Rfe1 Bc6 18.Rxe8+ Qxe8 19.Re1 Re7 20.Rxe7 Qxe7 21.Qd1 Bh6 22.Kf1 Nbd7
23.Qe2 Qxe2+ 24.Kxe2 Bxd2 25.Kxd2 Ng4 26.Ke2 Nxh2 27.Nxh2 Bxg2 28.f3 Bh3
29.g4 h5 30.Bc1 hxg4 31.fxg4 f6 32.Bf4 Bg2 33.Bc7 Bc6 34.Nf3 Kf7 35.Nh4 b5
36.cxb5 Bxb5 37.Nf3 Ke6 38.Kd2 Ne5 39.Nxe5 fxe5 40.g5 Kd5  0-1

[Event "ch-Europe Internet Blitz"]
[Site "playchess.com INT"]
[Date "2003.11.09"]
[Round "1.2"]
[White "Belezky,S"]
[Black "Bacrot,E"]
[Result "0-1"]
[WhiteElo "2408"]
[BlackElo "2664"]

1.Nf3 d5 2.g3 c6 3.Bg2 Bg4 4.d3 Nd7 5.Nbd2 Ngf6 6.O-O e5 7.e4 dxe4 8.dxe4 Bc5
9.c3 O-O 10.Qc2 h6 11.b4 Bb6 12.Nc4 Bc7 13.Rd1 Qe7 14.Ne3 Be6 15.Nh4 g6 16.a3 Rfd8
17.c4 Nf8 18.Bb2 Rxd1+ 19.Rxd1 Rd8 20.Rxd8 Qxd8 21.Nf3 N8d7 22.c5 Nh7 23.Nc4 f6
24.h4 Qe7 25.Bc1 g5 26.Be3 Nhf8 27.a4 Bf7 28.Qd3 Qe6 29.Nd6 Bxd6 30.cxd6 b6
31.a5 Qc4 32.Qxc4 Bxc4 33.hxg5 hxg5 34.Nd2 Bb5 35.f4 gxf4 36.gxf4 Kf7 37.Kf2 Ke6
38.Nb1 Kxd6 39.Nc3 Bc4 40.axb6 axb6 41.Na4 Kc7 42.f5 Bb3 43.Nc3 Nb8 44.Kg3 Nfd7
45.Kh4 Bf7 46.Bf1 b5 47.Be2 Na6 48.Bh5 Bxh5 49.Kxh5 Nxb4 50.Kg6 Nd3 51.Bh6 b4
52.Nb1 N3c5 53.Nd2 b3 54.Bg7 b2 55.Bxf6 Nxf6 56.Kxf6 Nxe4+  0-1

[Event "ch-IND A Women"]
[Site "Calicut IND"]
[Date "2003.11.10"]
[Round "2"]
[White "Harika,D"]
[Black "Thipsay,B"]
[Result "1-0"]
[WhiteElo "2353"]
[BlackElo "2249"]

1.Nf3 d5 2.g3 c5 3.Bg2 Nc6 4.d4 Nf6 5.O-O e6 6.c4 Be7 7.cxd5 exd5 8.Nc3 O-O
9.Bg5 cxd4 10.Nxd4 h6 11.Be3 Re8 12.Rc1 Bf8 13.Na4 Ne5 14.Nb5 Nc6 15.Nd4 Bg4
16.Nxc6 bxc6 17.Rxc6 Qd7 18.Rc1 Bh3 19.Bd4 Ne4 20.Nc3 Ng5 21.f4 Bxg2 22.Kxg2 Qh3+
23.Kg1 Ne6 24.e3 Red8 25.Qf3 Qf5 26.Rcd1 h5 27.Kg2 Rd7 28.h3 Rb8 29.Rf2 Nxd4
30.exd4 Re8 31.g4 Qh7 32.Qd3 g6 33.g5 h4 34.Qf3 Red8 35.Rdd2 Bg7 36.Qg4 f5
37.gxf6 Bxf6 38.Kh2 Qf7 39.Rg2 Kh7 40.f5 g5 41.Rde2 Rc8 42.Re6 Rc4 43.Rd2 Rd8
44.Qf3 Bxd4 45.Rg6 Be5+ 46.Kh1 g4 47.Rxg4 Rxg4 48.Qxg4 Bg3 49.Ne4 Kh8 50.Nxg3  1-0

[Event "15th Open"]
[Site "Leuven BEL"]
[Date "2003.11.10"]
[Round "6"]
[White "Claesen,P"]
[Black "Van Espen,E"]
[Result "1/2-1/2"]
[WhiteElo "2382"]
[BlackElo "2154"]

1.Nf3 d5 2.g3 Nf6 3.Bg2 Nbd7 4.d4 e6 5.c4 Be7 6.O-O O-O 7.Qc2 dxc4 8.Qxc4 c5
9.dxc5 Bxc5 10.b4 Bd6 11.Nc3 Qe7 12.Rb1 Nb6 13.Qh4 Nfd5 14.Nxd5 Nxd5 15.Bg5 f6
16.Bd2 Rb8 17.e4 Nc7 18.e5 fxe5 19.Qxe7 Bxe7 20.Nxe5 Nd5 21.Rfe1 Bd6 22.h4 Bxe5
23.Rxe5 Bd7 24.Bxd5 exd5 25.Rxd5 Bc6 26.Rd4 a6 27.Be3 Rbd8 28.Rbd1 Rxd4 29.Rxd4 Rf5
30.Rd8+ Kf7 31.g4 Rd5 32.Rb8 Re5 33.Rd8 Re4 34.Rd4 Rxd4 35.Bxd4 Bf3 36.g5 Kg6
37.Kh2 h6 38.gxh6 gxh6 39.Kg3 Bd5 40.a3 h5 41.Kf4 Bb3 42.Ke5 Bc2 43.f4 Bd3
44.Bb6 Bb1 45.Bd8 Bc2  1/2-1/2

[Event "TCh-SWE 2003-4"]
[Site "Malmo SWE"]
[Date "2003.11.10"]
[Round "2"]
[White "Karlsson,L"]
[Black "Laveryd,P"]
[Result "1/2-1/2"]
[WhiteElo "2472"]
[BlackElo "2410"]

1.Nf3 d5 2.g3 Nf6 3.Bg2 Bf5 4.O-O e6 5.d3 h6 6.c4 c6 7.Nc3 Be7 8.Be3 dxc4
9.dxc4 Qxd1 10.Rfxd1 Nbd7 11.Nd4 Bg6 12.Rac1 Ng4 13.Bd2 O-O-O 14.h3 Ngf6
15.Na4 e5 16.Nb3 Nb6 17.Nxb6+ axb6 18.Bc3 Bd6 19.Nd2 Rhe8 20.b4 Bf8 21.a3 Nd7
22.Ne4 Kc7 23.g4 f6 24.e3 Nb8 25.Bb2 Rxd1+ 26.Rxd1 Rd8 27.Rxd8 Kxd8 28.Bf3 Na6
29.h4 Nc7 30.h5 Bf7 31.Be2 Ne8 32.f4 Nd6 33.Nxd6 Bxd6 34.Bc1 Ke7 35.Kf2 Be8
36.Kf3 exf4 37.exf4 Bf7 38.Bb2 Kf8 39.Bd3 Be6 40.Bd4 Bc7 41.c5 b5 42.Be3 Kf7
43.Bg6+ Ke7 44.Bd4 Kf8 45.Bc2 Kf7 46.Bg6+ Kf8 47.Bc2 Kf7  1/2-1/2

[Event "TCh-SWE 2003-4"]
[Site "Malmo SWE"]
[Date "2003.11.10"]
[Round "2"]
[White "Schneider,LA"]
[Black "Fries Nielsen,JO"]
[Result "0-1"]
[WhiteElo "2385"]
[BlackElo "2436"]

1.Nf3 d5 2.g3 Nc6 3.d4 Bf5 4.Bg2 Nb4 5.Na3 e6 6.O-O Be7 7.c3 Nc6 8.Qb3 Rb8
9.Nb1 Nf6 10.Nbd2 h6 11.Qd1 O-O 12.b4 a6 13.a4 Bd6 14.Re1 Bh7 15.Ba3 b6 16.Qc1 Re8
17.b5 axb5 18.axb5 Na5 19.Bb4 c5 20.bxc6 Nxc6 21.Bxd6 Qxd6 22.Qb2 Na5 23.Ne5 Nd7
24.Qb4 Qxb4 25.cxb4 Nxe5 26.bxa5 Nc6 27.a6 Nxd4 28.a7 Ra8 29.Ra6 Nxe2+ 30.Rxe2 Bd3
31.Bxd5 Bxa6 32.Bxa8 Rxa8 33.Re3 Rxa7 34.Ra3 b5 35.Nb3 Ra8 36.Ra5 Bb7 37.Rxb5 Bd5
38.f4 Ra2 39.Nd4 Rg2+ 40.Kf1 Rxh2 41.Rc5 Rd2 42.Ne2 g6 43.Rc3 Kg7 44.Kf2 Rb2
45.Ke3 Kf6 46.Rc7 g5 47.fxg5+ hxg5 48.Nc3 Rb3 49.Kf2 g4 50.Ke3 Ke5 51.Kf2 Bf3
52.Na4 f5 53.Rc3 Rb4 54.Nc5 Rb2+ 55.Kf1 Kd4 56.Rb3 Rxb3 57.Nxb3+ Ke3 58.Nc5 Bd5
59.Kg1 Kf3 60.Kh2 Bc4 61.Nd7 Kf2 62.Ne5 Bd5 63.Ng6 Bc4 64.Nf4 e5 65.Nh5 Bd3
66.Nf6 e4 67.Nd5 e3 68.Nb4 Bc4 69.Nd5 e2 70.Nf4 Ba6  0-1

[Event "TCh-SWE 2003-4"]
[Site "Malmo SWE"]
[Date "2003.11.10"]
[Round "2"]
[White "Andreasson,I"]
[Black "Berg,E"]
[Result "0-1"]
[WhiteElo "2326"]
[BlackElo "2489"]

1.g3 d5 2.Nf3 Nf6 3.Bg2 c5 4.O-O Nc6 5.d3 h6 6.c3 Bg4 7.a3 e5 8.b4 e4 9.b5 Na5
10.Ne5 Be6 11.f4 Bd6 12.d4 Qb6 13.a4 cxd4 14.cxd4 Rc8 15.Kh1 Rxc1 16.Qxc1 Qxd4
17.Ra3 O-O 18.e3 Bxa3 19.Qxa3 Qb6 20.f5 Bc8 21.Qc3 Re8 22.Nd2 Rxe5 23.Qxe5 Qxe3
24.Nxe4 Nxe4 25.Qe8+ Kh7 26.Qxf7 Nf6 27.Qc7 Nc4 28.Qxc8 Nd2 29.Qxb7 Nxf1
30.Bxf1 Qf2 31.Bh3 Ng4  0-1

[Event "ch-UKR"]
[Site "Simferopol UKR"]
[Date "2003.11.10"]
[Round "7"]
[White "Zubov,A UKR"]
[Black "Borovikov,V"]
[Result "1/2-1/2"]
[WhiteElo "2521"]
[BlackElo "2571"]

1.Nf3 d5 2.g3 Bg4 3.Bg2 Nd7 4.d3 c6 5.Nc3 Ngf6 6.h3 Bxf3 7.Bxf3 e5 8.O-O a5
9.e3 Bc5 10.Bg2 O-O 11.g4 a4 12.Ne2 Ne8 13.Ng3 Nd6 14.Qf3 Qe7 15.Bd2  1/2-1/2